Almanach Nitra 2007

Bibliographic Details
Main Author: Wiedermann, Egon, 1953- (Author)
Format: Article
Language:Slovak
ISSN:9788080944766
Subjects:
Online Access:http://www.forumhistoriae.sk/e_kniznica/STUDIA_HN/STUDIA_HN_2008.pdf

MARC

LEADER 00000nab a2200000 ar4500
001 vtls010171066
003 SK-MaSNL
005 20260304181226.0
008 100922|2008 xo |||||||||||||| ||slo
015 |a SNBRA2010/09  |2 snkbucl 
038 |a SNKBUCL 
040 |a SNKBUCL  |b slo  |e AACR2  |c SNKBUCL 
041 0 |a slo 
044 |a xo  |c SK 
080 |a 059  |x (437.6)  |x (048)  |2 2001 
080 |a 82.09:821.162.4-1/-9  |x (082)  |x (048)  |2 2001 
080 |a 821.162.4-1/-9  |x (082)  |x (048)  |2 2001 
100 1 |a Wiedermann, Egon,  |d 1953-  |4 aut  |9 8587 
245 1 0 |a Almanach Nitra 2007  |c Egon Wiedermann 
648 7 |a 2007  |2 snkbucl  |9 313226 
650 0 7 |a slovenská literatúra  |2 snkbucl  |9 1115 
650 0 7 |a almanachy  |2 snkbucl  |9 26442 
655 7 |a recenzie  |2 snkbucl  |9 21907 
773 0 |t Studia historica Nitriensia 14  |d Nitra : Univerzita Konštantína Filozofa, 2008  |g S. 323  |x 9788080944766 
787 0 8 |i Rec.:  |t Almanach Nitra 2007  |d Nitra : Nitrianska odbočka Spolku slovenských spisovateľov, 2007  |z 8080940428 
852 |a SNK  |b KIS3GCP 
856 4 1 |u http://www.forumhistoriae.sk/e_kniznica/STUDIA_HN/STUDIA_HN_2008.pdf 
958 |a LX 
958 |a RC 
999 |c 3022639  |d 3024569